Im Dazwischen: Róža Domacynas Dichten in der „Drittsprache“

Titel: Im Dazwischen: Róža Domacynas Dichten in der „Drittsprache“ / Monika Blidy
Verfasser:
In: Narrative des Wandels, (2022), Seite 353-364
alle Artikel anzeigen
Veröffentlicht: 2022
Format: Aufsatz
Sprache: Deutsch
Schlagworte:
Kein Bild verfügbar
X
alg: 50904621
001A    $03025:26-06-23 
001B    $01999:26-06-23 $t22:31:40.000 
001D    $03025:26-06-23 
001U    $0utf8 
001X    $00 
002@    $0Aou 
002C    $aText $btxt $2rdacontent 
002D    $aohne Hilfsmittel zu benutzen $bn $2rdamedia 
002E    $aBand $bnc $2rdacarrier 
003@    $0509046215 
007A    $0509046215 $aHEB 
010@    $ager 
010E    $erda 
011@    $a2022 
021A    $aIm Dazwischen: Róža Domacynas Dichten in der „Drittsprache“ $hMonika Blidy 
028A    $BVerfasser $4aut $8Blidy, Monika$Z20./21. Jh. [Tp3] $944646516X 
031A    $h353-364 $j2022 
039B    $aEnthalten in $8--Aau--. Narrative des Wandels. - Göttingen : V & R unipress, [2022]. - 364 Seiten. - Illustrationen. - ISBN 978-3-8471-1517-5 $x202200000000000647 $9503928690 
044K    $#Domaščina, Ruža $#Domaszyna, Ròsa $#Chěžkec-Domaschke, Róža $#Domaschke, Róža Chěžkec- $7128395702 $8Domašcyna, Róža$Z1951- [Tp1] $9125931441 
044K    $RLiteratur $RDas @Lyrische $#Poetry $#Poetry History and criticism $#Lyric poetry $#Poésie $#Poésie lyrique $#Poesia lirica $#Poesía $#Poesía lírica $#Gedicht Lyrik $#Poem Lyrik $#Dichtung Lyrik $#Poesie $#Lyrisches Werk $#Lyrikwerk $#Gedichtwerk $74036774-5 $8Lyrik [Tsz] $9085099805 
044K    $RSorbisch $#Upper Sorbian language $#Haut-sorabe (langue) $#Hornjoserbšćina $74120294-6 $8Obersorbisch [Ts1] $9085383325 
044K    $RSüdgermanische Sprachen $#German language $#Allemand (langue) $#Neuhochdeutsch $#Deutsche Sprache $#Hochdeutsch $74113292-0 $8Deutsch [Tsz] $9085334081 
044K    $RSprache $#Languages, Artificial $#Langues artificielles $#Lingue artificiali $#Lenguas artificiales $#Künstliche Sprache $74123590-3 $8Kunstsprache [Ts1] $9085409030 
045F    $a809 $eDDC23BSB 
045F/01 $a809 
045F/03 $f09049 
045F/03 $f0905 
045F/03 $g43151 
045R    $aGeschichte 1985-2003 

lok: 50904621 78

exp: 50904621 78 1 #EPN
201B/01 $026-06-23 $t09:05:34.000 
201C/01 $026-06-23 
201U/01 $0utf8 
203@/01 $01238327990 
208@/01 $a26-06-23 $be 
209A/01 $a/ $f000 $x00 
209A/01 $ab*p $x01 
209A/01 $aIn between: Róža Domacyna´s Poetry in the "Third Language" $x03 
220C/01 $apgar 
244Z/01 $#Germania Slavica $#"Germania Slavica" $#Germania Slavica $#Germania Slavica $#Germania Slavica $#Germania Slavica $#Germania Slavica $8--Trx--Germania Slavica $x11 $9391371002 
247C/01 $82080>Marburg/Lahn, Herder-Institut, Forschungsbibliothek, Bibliographieportal $9336309341
LEADER 00000caa a2200000 c 4500
001 509046215
003 DE-603
005 20230626223140.0
007 tu
008 230626s2022 xx |||| | u00||u|ger c
035 |a (DE-599)HEB509046215 
040 |a DE-603  |b ger  |c DE-603  |d DE-603  |e rda 
041 |a ger 
082 0 4 |8 1\u  |a 809  |q DE-101  |2 23/BSB 
085 |8 1\u  |b 809 
085 |8 1\u  |z 1  |s 09049 
085 |8 1\u  |z 1  |s 0905 
085 |8 1\u  |z 2  |s 43151 
100 1 |a Blidy, Monika  |d 20./21. Jh.  |e Verfasser  |4 aut  |0 (DE-603)44646516X  |0 (DE-588)1181152658  |2 gnd 
245 0 0 |a Im Dazwischen: Róža Domacynas Dichten in der „Drittsprache“  |c Monika Blidy 
264 0 |c 2022 
336 |a Text  |b txt  |2 rdacontent 
337 |a ohne Hilfsmittel zu benutzen  |b n  |2 rdamedia 
338 |a Band  |b nc  |2 rdacarrier 
600 1 7 |a Domašcyna, Róža  |d 1951-  |0 (DE-588)128395702  |0 (DE-603)125931441  |2 gnd 
648 7 |a Geschichte 1985-2003  |2 gnd 
650 7 |a Lyrik  |0 (DE-588)4036774-5  |0 (DE-603)085099805  |2 gnd 
650 7 |a Obersorbisch  |0 (DE-588)4120294-6  |0 (DE-603)085383325  |2 gnd 
650 7 |a Deutsch  |0 (DE-588)4113292-0  |0 (DE-603)085334081  |2 gnd 
650 7 |a Kunstsprache  |0 (DE-588)4123590-3  |0 (DE-603)085409030  |2 gnd 
773 0 8 |i Enthalten in  |t Narrative des Wandels  |d Göttingen : V & R unipress, [2022]  |h 364 Seiten, Illustrationen  |z 9783847115175  |z 3847115170  |g (2022), Seite 353-364  |w (DE-603)503928690 
924 0 |9 2080  |a (DE-603)1238327990  |b DE-2080  |c HES  |d d  |g /